[Event "Sydney International Open"]
[Site "Parramatta, NSW"]
[Date "2010.04.09"]
[Round "6.29"]
[White "Cheung, Benjamin"]
[Black "Cameron, Alistair"]
[Result "0-1"]
[WhiteElo "1946"]
[BlackElo "1862"]
[PlyCount "82"]
[EventDate "2010.04.07"]
[EventType "swiss"]
[EventRounds "9"]
[EventCountry "AUS"]
[SourceDate "2010.04.07"]

1. e4 c5 2. c3 d5 3. exd5 Qxd5 4. d4 Bf5 5. Nf3 Nf6 6. Be3 e6 7. dxc5 Qxd1+ 8.
Kxd1 Nbd7 9. Bb5 O-O-O 10. c6 bxc6 11. Ba6+ Kb8 12. Nbd2 Nd5 13. Nd4 Nxe3+ 14.
fxe3 Kc7 15. Nxf5 exf5 16. Rf1 Nc5 17. Rxf5 Nxa6 18. Rxf7+ Rd7 19. Rxd7+ Kxd7
20. Ke2 Be7 21. Nc4 Ke6 22. Rd1 Rd8 23. Rxd8 Bxd8 24. e4 Nc5 25. Kf3 Nd3 26.
Ke3 Ne5 27. Kd4 Nxc4 28. Kxc4 Bb6 29. b4 Ke5 30. Kd3 h5 31. a4 g5 32. c4 a6 33.
h3 Ba7 34. b5 cxb5 35. axb5 a5 36. g3 Bc5 37. h4 g4 38. Kc3 Kxe4 39. Kb3 Kd4
40. Ka4 Bb6 41. Kb3 Kd3 0-1

[Event "Sydney International Open"]
[Site "Parramatta, NSW"]
[Date "2010.04.09"]
[Round "6.30"]
[White "Bennett, Hilton"]
[Black "Lester, George"]
[Result "1-0"]
[WhiteElo "2001"]
[BlackElo "1887"]
[PlyCount "49"]
[EventDate "2010.04.07"]
[EventType "swiss"]
[EventRounds "9"]
[EventCountry "AUS"]
[SourceDate "2010.04.07"]

1. e4 c5 2. Nc3 Nc6 3. f4 e6 4. Nf3 d5 5. Bb5 Nge7 6. exd5 Nxd5 7. O-O a6 8.
Bxc6+ bxc6 9. d3 Be7 10. Ne4 O-O 11. Qe1 f5 12. Nc3 Bf6 13. Bd2 Rb8 14. Rb1 Qd6
15. Ne5 Rb7 16. Kh1 g6 17. Na4 Rg7 18. Qf2 g5 19. Nc4 Qb8 20. fxg5 Bxg5 21.
Bxg5 Rxg5 22. Qxc5 Nf4 23. Qe5 Qxe5 24. Nxe5 Nd5 25. Rbe1 1-0

[Event "Sydney International Open"]
[Site "Parramatta, NSW"]
[Date "2010.04.09"]
[Round "6.31"]
[White "Lee, Bryan"]
[Black "Descallar, Levi"]
[Result "1-0"]
[WhiteElo "1930"]
[BlackElo "1979"]
[PlyCount "82"]
[EventDate "2010.04.07"]
[EventType "swiss"]
[EventRounds "9"]
[EventCountry "AUS"]
[SourceDate "2010.04.07"]

1. e4 c6 2. d4 d5 3. Nc3 dxe4 4. Nxe4 Nd7 5. Nf3 Ngf6 6. Nxf6+ Nxf6 7. Bc4 Bg4
8. Bxf7+ Kxf7 9. Ne5+ Kg8 10. Nxg4 Nxg4 11. Qxg4 Qd5 12. O-O Rd8 13. c3 Rd6 14.
Re1 Rg6 15. Qh3 e6 16. Bf4 Rf6 17. Be5 Rg6 18. b3 Rh6 19. Qd3 Rg6 20. g3 Be7
21. c4 Qd7 22. Rad1 Kf7 23. Qf3+ Bf6 24. d5 exd5 25. cxd5 Re8 26. Bxf6 Rxf6 27.
Qh5+ Kf8 28. Rxe8+ Qxe8 29. Qxh7 Qe2 30. Rf1 cxd5 31. Qh8+ Kf7 32. Qb8 b6 33.
Qb7+ Ke6 34. Qc6+ Ke5 35. Qc7+ Ke4 36. Qxg7 Ke5 37. Qc7+ Kd4 38. Qxa7 Kc3 39.
Qc7+ Kd4 40. Qg7 Ke5 41. Qg5+ Ke6 1-0

[Event "Sydney International Open"]
[Site "Parramatta, NSW"]
[Date "2010.04.09"]
[Round "6.32"]
[White "Tan, Kevin"]
[Black "Ansell, Alan"]
[Result "1-0"]
[WhiteElo "1882"]
[BlackElo "1968"]
[PlyCount "46"]
[EventDate "2010.04.07"]
[EventType "swiss"]
[EventRounds "9"]
[EventCountry "AUS"]
[SourceDate "2010.04.07"]

1. e4 c6 2. d4 d5 3. exd5 cxd5 4. c4 Nf6 5. Nc3 e6 6. Nf3 Bb4 7. Bd2 O-O 8. a3
Be7 9. c5 Nbd7 10. Bd3 Qc7 11. Nb5 Qc6 12. Bf4 Nh5 13. Ne5 Nxe5 14. Bxe5 Nf6
15. Nc7 b5 16. Nxa8 Qxa8 17. Bxb5 Nd7 18. Bg3 e5 19. Qa4 Rd8 20. O-O a6 21. b4
Qb7 22. Bc6 Qa7 23. b5 Nb8 1-0

[Event "Sydney International Open"]
[Site "Parramatta, NSW"]
[Date "2010.04.09"]
[Round "6.33"]
[White "Christensen, Joshua"]
[Black "Ruan, Jack"]
[Result "1/2-1/2"]
[WhiteElo "1838"]
[BlackElo "1896"]
[PlyCount "81"]
[EventDate "2010.04.07"]
[EventType "swiss"]
[EventRounds "9"]
[EventCountry "AUS"]
[SourceDate "2010.04.07"]

1. Nf3 Nf6 2. g3 g6 3. Bg2 Bg7 4. O-O O-O 5. d3 d6 6. e4 c5 7. Nc3 Nc6 8. h3
Rb8 9. Be3 b5 10. Qd2 Re8 11. Nh4 b4 12. Ne2 Nd7 13. d4 cxd4 14. Nxd4 Nce5 15.
b3 Bb7 16. a3 a5 17. axb4 axb4 18. Ra4 Nc5 19. Rxb4 Bxe4 20. Rxb8 Qxb8 21. f4
Ned7 22. Nhf3 Nb6 23. Re1 Nd5 24. Bf2 Qb7 25. Ra1 Qb4 26. Rd1 Rc8 27. Kh2 f5
28. Ng5 Bxg2 29. Kxg2 h6 30. Qxb4 Nxb4 31. Ngf3 Ne4 32. c4 Nxf2 33. Kxf2 e5 34.
Nb5 e4 35. Nxd6 Rd8 36. Ne5 Bxe5 37. fxe5 Nd3+ 38. Rxd3 exd3 39. b4 Kf8 40. c5
Ke7 41. b5 1/2-1/2

[Event "Sydney International Open"]
[Site "Parramatta, NSW"]
[Date "2010.04.09"]
[Round "6.34"]
[White "Encel, Benjamin"]
[Black "Kumar, Manoj"]
[Result "1/2-1/2"]
[WhiteElo "1884"]
[BlackElo "2040"]
[PlyCount "75"]
[EventDate "2010.04.07"]
[EventType "swiss"]
[EventRounds "9"]
[EventCountry "AUS"]
[SourceDate "2010.04.07"]

1. e4 e5 2. Nf3 Nc6 3. d4 exd4 4. Bc4 Bc5 5. c3 d3 6. O-O Nf6 7. Qxd3 O-O 8.
Bg5 Be7 9. Nbd2 d6 10. Nb3 Nd7 11. Bxe7 Qxe7 12. Qc2 Nde5 13. Nxe5 Nxe5 14. Be2
Qh4 15. Nd4 Re8 16. f4 Ng4 17. Bxg4 Qxg4 18. Rae1 Bd7 19. Qd3 a6 20. Re3 Qg6
21. Rfe1 Rad8 22. Rg3 Qh5 23. Qd2 Qh6 24. Qf2 Qf6 25. Qf3 c5 26. Nc2 Bc6 27. f5
d5 28. Qf2 dxe4 29. Qxc5 Re5 30. Qb6 Rb5 31. Qc7 Rxb2 32. Nb4 Qd6 33. Qb6 Re8
34. Qe3 a5 35. Nxc6 Qxc6 36. Qg5 g6 37. fxg6 fxg6 38. Qxa5 1/2-1/2

[Event "Sydney International Open"]
[Site "Parramatta, NSW"]
[Date "2010.04.09"]
[Round "6.35"]
[White "Brockman, Roland"]
[Black "Wang, Oscar"]
[Result "0-1"]
[WhiteElo "1743"]
[BlackElo "1943"]
[PlyCount "150"]
[EventDate "2010.04.07"]
[EventType "swiss"]
[EventRounds "9"]
[EventCountry "AUS"]
[SourceDate "2010.04.07"]

1. d4 d5 2. Nf3 e6 3. e3 Nf6 4. Bd3 Bd6 5. Nbd2 O-O 6. O-O Nbd7 7. e4 dxe4 8.
Nxe4 Nxe4 9. Bxe4 Nf6 10. Bd3 b6 11. c3 Bb7 12. Bg5 h6 13. Bh4 Qe7 14. Qe2 Rfd8
15. Rad1 c5 16. Bb1 Rac8 17. Bg3 Bxg3 18. hxg3 Qc7 19. dxc5 Qxc5 20. Rxd8+ Rxd8
21. Rd1 Rd5 22. Rxd5 Qxd5 23. Qd3 Ne4 24. Qxd5 Bxd5 25. c4 Bb7 26. Kf1 g5 27.
Ke2 f6 28. Ke3 Nd6 29. b3 Kf7 30. g4 e5 31. Ne1 Ke7 32. f3 Kd7 33. Nd3 Kc6 34.
Nb4+ Kd7 35. Nd3 Ke7 36. c5 Nb5 37. cxb6 Na3 38. Nc5 Bc6 39. Be4 Bxe4 40. Kxe4
axb6 41. Na4 b5 42. Nc3 Ke6 43. Ne2 Nc2 44. Nc3 Nd4 45. a4 b4 46. Nd5 Nxb3 47.
Nxb4 Nc5+ 48. Ke3 Nxa4 49. g3 Nc3 50. Nc6 Kd7 51. Nb8+ Kc7 52. Na6+ Kd6 53. Nb8
Na4 54. Na6 Nc5 55. Nb4 Ke6 56. Nc6 Nb3 57. Nd8+ Ke7 58. Nc6+ Kd7 59. Nb8+ Kd6
60. Na6 Nd4 61. Nb4 f5 62. gxf5 Nxf5+ 63. Kf2 Kc5 64. Nd3+ Kd4 65. Ne1 h5 66.
Ng2 Kd3 67. Ne1+ Kd4 68. Ng2 h4 69. gxh4 gxh4 70. Ne1 Kc3 71. Kg1 Kd2 72. Kf2
h3 73. Kf1 h2 74. Kg2 Kxe1 75. Kxh2 Kf2 0-1

[Event "Sydney International Open"]
[Site "Parramatta, NSW"]
[Date "2010.04.09"]
[Round "6.36"]
[White "Ruan, Harry"]
[Black "Goundar, Sanmogam"]
[Result "1-0"]
[WhiteElo "1801"]
[BlackElo "1929"]
[PlyCount "131"]
[EventDate "2010.04.07"]
[EventType "swiss"]
[EventRounds "9"]
[EventCountry "AUS"]
[SourceDate "2010.04.07"]

1. e4 c5 2. c3 d5 3. exd5 Qxd5 4. d4 Nf6 5. Nf3 cxd4 6. cxd4 e6 7. Be2 Be7 8.
O-O O-O 9. Nc3 Qd8 10. Be3 Nbd7 11. Qb3 Qb6 12. Qc2 Nd5 13. Nxd5 exd5 14. Rac1
Bd6 15. Bd3 h6 16. Qd2 Bb4 17. Qc2 Qf6 18. a3 Bd6 19. Qb3 Nb6 20. Ne5 Bf5 21.
f4 Bxd3 22. Qxd3 Rfc8 23. Qb5 Qd8 24. a4 f6 25. a5 fxe5 26. axb6 exf4 27. Rxc8
Rxc8 28. Qxd5+ Kh8 29. Bxf4 Bxf4 30. Qxd8+ Rxd8 31. Rxf4 axb6 32. Kf2 Rc8 33.
Re4 Kg8 34. Ke1 Kf7 35. Kd2 Kf6 36. Re3 Rc4 37. Re4 b5 38. b3 Rc8 39. Re5 Rd8
40. Kd3 Rd7 41. Rxb5 Ke6 42. Rb6+ Kd5 43. Rb5+ Kd6 44. Kc4 Rf7 45. Rb6+ Kc7 46.
Rg6 Rd7 47. Kc5 Kc8 48. d5 Rc7+ 49. Kd4 Kd8 50. b4 b5 51. d6 Rc4+ 52. Kd5 Rxb4
53. Rxg7 Rb1 54. Kc6 Rc1+ 55. Kxb5 Rb1+ 56. Kc6 Rc1+ 57. Kd5 Rd1+ 58. Ke6 Re1+
59. Kf6 Rd1 60. d7 Rd2 61. h4 Re2 62. g4 Rg2 63. h5 Rg1 64. g5 Rf1+ 65. Kg6
hxg5 66. h6 1-0

[Event "Sydney International Open"]
[Site "Parramatta, NSW"]
[Date "2010.04.09"]
[Round "6.37"]
[White "Buciu, Aurel John"]
[Black "Barisic, Frank"]
[Result "1-0"]
[WhiteElo "1701"]
[BlackElo "1833"]
[PlyCount "79"]
[EventDate "2010.04.07"]
[EventType "swiss"]
[EventRounds "9"]
[EventCountry "AUS"]
[SourceDate "2010.04.07"]

1. d4 d5 2. Bf4 Nf6 3. Nf3 e6 4. e3 c5 5. c3 Nc6 6. Nbd2 Nh5 7. Bg3 Nxg3 8.
hxg3 c4 9. a4 Bd7 10. b4 Bd6 11. Qb1 g6 12. e4 a6 13. Be2 b5 14. a5 Be7 15. O-O
h5 16. e5 g5 17. Nh2 h4 18. g4 Rh6 19. Re1 f5 20. Ndf1 Kf8 21. Bf3 Kg7 22. gxf5
exf5 23. Bxd5 Qf8 24. Ne3 f4 25. Neg4 Bf5 26. Be4 Bxe4 27. Qxe4 Rg6 28. d5 Nxb4
29. cxb4 Bxb4 30. Red1 Re8 31. Qc2 Bc5 32. d6 Ree6 33. Qe4 Qc8 34. Qd5 Bxd6 35.
exd6 Rxd6 36. Qe5+ Rdf6 37. Nxf6 Rxf6 38. Rd6 Qf5 39. Qxf5 Rxf5 40. Rxa6 1-0

[Event "Sydney International Open"]
[Site "Parramatta, NSW"]
[Date "2010.04.10"]
[Round "7.1"]
[White "Fernandez, Daniel Howard"]
[Black "Bojkov, Dejan"]
[Result "1/2-1/2"]
[WhiteElo "2299"]
[BlackElo "2505"]
[PlyCount "100"]
[EventDate "2010.04.07"]
[EventType "swiss"]
[EventRounds "9"]
[EventCountry "AUS"]
[SourceDate "2010.04.07"]

1. e4 e5 2. Nf3 Nc6 3. Nc3 Nf6 4. Bb5 Bb4 5. O-O O-O 6. Nd5 Bc5 7. d3 Nxd5 8.
exd5 Nd4 9. Nxd4 Bxd4 10. c3 Bb6 11. Qf3 d6 12. a4 a6 13. Bc4 Qh4 14. a5 Bg4
15. Qg3 Qxg3 16. hxg3 Ba7 17. Re1 Rae8 18. b4 Bd7 19. Rb1 Re7 20. Be3 Bxe3 21.
Rxe3 g6 22. d4 Rfe8 23. b5 axb5 24. Bxb5 Bxb5 25. Rxb5 exd4 26. Rxe7 Rxe7 27.
cxd4 Re1+ 28. Kh2 Ra1 29. g4 Kg7 30. Kg3 Ra4 31. Rxb7 Rxa5 32. Rxc7 Rxd5 33.
Rc4 Kf6 34. Kf4 Ke6 35. f3 h6 36. Ra4 Rb5 37. Ke4 Rb2 38. Ra8 Re2+ 39. Kf4 Rxg2
40. Rh8 Rh2 41. Re8+ Kf6 42. Rd8 Ke7 43. Ra8 Rh1 44. Ke4 Re1+ 45. Kd5 Re3 46.
Ra7+ Kf6 47. Kxd6 Rxf3 48. d5 Rf4 49. Ra6 Rxg4 50. Kc7+ Ke5 1/2-1/2

[Event "Sydney International Open"]
[Site "Parramatta, NSW"]
[Date "2010.04.10"]
[Round "7.2"]
[White "Chao, Li"]
[Black "Zhao, Zong Yuan"]
[Result "1/2-1/2"]
[WhiteElo "2613"]
[BlackElo "2592"]
[PlyCount "74"]
[EventDate "2010.04.07"]
[EventType "swiss"]
[EventRounds "9"]
[EventCountry "AUS"]
[SourceDate "2010.04.07"]

1. e4 c6 2. d4 d5 3. Nc3 dxe4 4. Nxe4 Nf6 5. Nxf6+ exf6 6. Be3 Bd6 7. Bd3 O-O
8. Ne2 Re8 9. Qd2 Bg4 10. O-O Nd7 11. c4 Bxe2 12. Qxe2 Qc7 13. h3 c5 14. Qc2 g6
15. Rfd1 Bh2+ 16. Kh1 Bf4 17. Bxf4 Qxf4 18. dxc5 Nxc5 19. Bf1 a5 20. Rd5 Qc7
21. Rad1 Re6 22. Kg1 Rae8 23. Qd2 Kg7 24. b3 b6 25. Qc3 Qe7 26. a3 Na6 27. Qc1
Re1 28. g3 Rxd1 29. Rxd1 Rd8 30. Re1 Qd6 31. Qe3 Nc5 32. Bg2 Ne6 33. Kh2 Qc5
34. Bd5 Nc7 35. Bf3 Ne6 36. Bd5 Nc7 37. Bg2 Ne6 1/2-1/2

[Event "Sydney International Open"]
[Site "Parramatta, NSW"]
[Date "2010.04.10"]
[Round "7.3"]
[White "Kunte, Abhijit"]
[Black "Jones, Gawain"]
[Result "1/2-1/2"]
[WhiteElo "2528"]
[BlackElo "2556"]
[PlyCount "114"]
[EventDate "2010.04.07"]
[EventType "swiss"]
[EventRounds "9"]
[EventCountry "AUS"]
[SourceDate "2010.04.07"]

1. d4 Nf6 2. Nf3 g6 3. g3 Bg7 4. Bg2 O-O 5. O-O d6 6. c4 Nbd7 7. Nc3 e5 8. e4
exd4 9. Nxd4 Re8 10. h3 a6 11. Re1 Rb8 12. a4 Ne5 13. b3 c5 14. Nc2 Nc6 15. Rb1
b6 16. Bb2 Na5 17. Ba1 Bb7 18. Qd2 Rc8 19. Nd5 Nxd5 20. Bxg7 Nf4 21. Qxf4 Kxg7
22. Rbd1 Re6 23. Rd3 Qe7 24. Ne3 Bxe4 25. Bxe4 Rxe4 26. Qxd6 Qxd6 27. Rxd6 Rc6
28. Red1 Rd4 29. R1xd4 cxd4 30. Rxc6 Nxc6 31. Nd5 d3 32. Kf1 Na5 33. Nxb6 Nxb3
34. Nd7 f6 35. c5 Kf7 36. c6 Nd4 37. Ke1 Nxc6 38. Kd2 Ke6 39. Nc5+ Kd5 40. Nxa6
Kc4 41. Nc7 Nd4 42. Nb5 Nb3+ 43. Ke3 f5 44. h4 Nc5 45. Na3+ Kb3 46. Nb1 Kc2 47.
Na3+ Kb3 48. Nb1 Kxa4 49. Kd4 Kb5 50. f3 Kc6 51. Nd2 Kb5 52. Nb1 Kb4 53. Nd2 h6
54. Nf1 Kb5 55. Nd2 g5 56. hxg5 hxg5 57. Nf1 Kc6 1/2-1/2

[Event "Sydney International Open"]
[Site "Parramatta, NSW"]
[Date "2010.04.10"]
[Round "7.5"]
[White "Malaniuk, Vladimir"]
[Black "Lahiri, Atanu"]
[Result "1-0"]
[WhiteElo "2582"]
[BlackElo "2368"]
[PlyCount "99"]
[EventDate "2010.04.07"]
[EventType "swiss"]
[EventRounds "9"]
[EventCountry "AUS"]
[SourceDate "2010.04.07"]

1. d4 Nf6 2. Nf3 g6 3. c4 Bg7 4. g3 O-O 5. Bg2 d6 6. O-O Nbd7 7. Qc2 e5 8. Rd1
Qe7 9. Nc3 c6 10. e4 Nb6 11. b3 Bg4 12. Be3 exd4 13. Bxd4 Rfe8 14. h3 Bxf3 15.
Bxf3 c5 16. Be3 Nfd7 17. Bg2 Ne5 18. Rac1 Nc6 19. Qd2 Rad8 20. Re1 Nd4 21. Bxd4
Bxd4 22. Nb5 Bg7 23. Nxa7 Na8 24. Nb5 Nc7 25. Nc3 Ne6 26. Nd5 Qf8 27. h4 Nd4
28. f4 f5 29. Qd3 Kh8 30. Kh2 Qf7 31. Re3 Re6 32. Rce1 Rde8 33. exf5 Nxf5 34.
Rxe6 Rxe6 35. Rxe6 Qxe6 36. Qe4 Qf7 37. Nb6 Bd4 38. Qxb7 Qf6 39. Qf3 h5 40. Nd5
Qd8 41. Bh3 Nh6 42. Qe2 Qa5 43. a4 Kg7 44. Bd7 Kh8 45. Kh3 Ng8 46. Qe8 Kg7 47.
Ne7 Nxe7 48. Qxe7+ Kh8 49. Qf8+ Kh7 50. f5 1-0

[Event "Sydney International Open"]
[Site "Parramatta, NSW"]
[Date "2010.04.10"]
[Round "7.6"]
[White "Panchanathan, Magesh Chandran"]
[Black "Solomon, Stephen"]
[Result "1/2-1/2"]
[WhiteElo "2543"]
[BlackElo "2426"]
[PlyCount "114"]
[EventDate "2010.04.07"]
[EventType "swiss"]
[EventRounds "9"]
[EventCountry "AUS"]
[SourceDate "2010.04.07"]

1. e4 e5 2. Nf3 Nc6 3. Bb5 a6 4. Ba4 Nf6 5. O-O Be7 6. Re1 b5 7. Bb3 d6 8. c3
O-O 9. h3 Na5 10. Bc2 c5 11. d4 Qc7 12. d5 c4 13. b4 cxb3 14. axb3 Bd7 15. Bd3
Rfc8 16. Be3 g6 17. Re2 Nb7 18. b4 Nd8 19. Rea2 Qb7 20. Kh2 Ne8 21. g4 f6 22.
Ra3 Nf7 23. R1a2 f5 24. exf5 gxf5 25. Bxf5 Bxf5 26. gxf5 Nf6 27. Ng5 Qxd5 28.
Qxd5 Nxd5 29. Nxf7 Kxf7 30. Rxa6 Rxa6 31. Rxa6 Nxc3 32. Nxc3 Rxc3 33. Ra7 Ke8
34. Rb7 d5 35. Rxb5 d4 36. Bh6 Rb3 37. Rb8+ Kf7 38. b5 Rf3 39. Kg2 Rxf5 40. f3
Rf6 41. Bd2 Bc5 42. Rb7+ Ke6 43. Rxh7 Kd5 44. Rh5 d3 45. f4 Bd4 46. Kf3 Kc4 47.
Rh7 exf4 48. Rc7+ Kxb5 49. Rc1 {White offered a draw.} Re6 50. Bxf4 Kb4 51. h4
Bb2 52. Rh1 Bc3 53. h5 Kc4 54. h6 d2 55. Bxd2 Bxd2 56. h7 Bc3 57. h8=Q Bxh8
1/2-1/2

[Event "Sydney International Open"]
[Site "Parramatta, NSW"]
[Date "2010.04.10"]
[Round "7.7"]
[White "Barua, Dibyendu"]
[Black "Rej, Tomek"]
[Result "1-0"]
[WhiteElo "2479"]
[BlackElo "2348"]
[PlyCount "75"]
[EventDate "2010.04.07"]
[EventType "swiss"]
[EventRounds "9"]
[EventCountry "AUS"]
[SourceDate "2010.04.07"]

1. e4 e5 2. Bc4 Nf6 3. d3 c6 4. Nf3 d5 5. Bb3 a5 6. a4 Bb4+ 7. c3 Bd6 8. exd5
cxd5 9. Bg5 Be6 10. Na3 Nc6 11. Nb5 Be7 12. O-O Ng4 13. Bxe7 Qxe7 14. Re1 O-O-O
15. h3 h5 16. Qd2 Rh6 17. Rac1 Rdh8 18. Kf1 Rf6 19. hxg4 hxg4 20. Ng1 g3 21. f3
Rh1 22. Ke2 e4 23. Kd1 exd3 24. Qxd3 Bf5 25. Rxe7 Bxd3 26. Re1 Rh2 27. Bc2 Bg6
28. Bxg6 Rxg6 29. Rc2 Re6 30. Nh3 Rxe1+ 31. Kxe1 Ne5 32. Nd4 f6 33. f4 Ng4 34.
Re2 Rh1+ 35. Kd2 Rb1 36. Kc2 Rf1 37. Nf5 Rf2 38. Nxg3 1-0

[Event "Sydney International Open"]
[Site "Parramatta, NSW"]
[Date "2010.04.10"]
[Round "7.8"]
[White "Sharma, Dinesh Kumar"]
[Black "Macak, Stefan"]
[Result "0-1"]
[WhiteElo "2361"]
[BlackElo "2470"]
[PlyCount "80"]
[EventDate "2010.04.07"]
[EventType "swiss"]
[EventRounds "9"]
[EventCountry "AUS"]
[SourceDate "2010.04.07"]

1. e4 e6 2. d4 d5 3. Nc3 Bb4 4. e5 c5 5. a3 Bxc3+ 6. bxc3 Qc7 7. Qg4 f5 8. Qg3
cxd4 9. cxd4 Ne7 10. c3 O-O 11. Ne2 b6 12. Nf4 Qd7 13. a4 Rf7 14. Bb5 Nbc6 15.
h4 a6 16. Be2 Na5 17. Rb1 Rb8 18. Bh5 Rf8 19. Bd1 Rf7 20. Nh5 Kh8 21. Rh3 Nc4
22. Nf4 Bb7 23. h5 Kg8 24. h6 g6 25. Nh5 Kh8 26. Bg5 Ng8 27. Nf6 Qc7 28. Nxg8
Kxg8 29. Bf6 Bc6 30. Qg5 Be8 31. g4 f4 32. Qxf4 b5 33. axb5 Rxb5 34. Rc1 Rb2
35. Be2 Bb5 36. Ra1 Qc6 37. Bd3 Nxe5 38. dxe5 Qxc3+ 39. Kf1 Bxd3+ 40. Kg1 Rb4
0-1

[Event "Sydney International Open"]
[Site "Parramatta, NSW"]
[Date "2010.04.10"]
[Round "7.11"]
[White "Illingworth, Max"]
[Black "Roy Chowdhury, Saptarshi"]
[Result "1/2-1/2"]
[WhiteElo "2289"]
[BlackElo "2429"]
[PlyCount "104"]
[EventDate "2010.04.07"]
[EventType "swiss"]
[EventRounds "9"]
[EventCountry "AUS"]
[SourceDate "2010.04.07"]

1. d4 Nf6 2. Nf3 d6 3. c4 Bg4 4. Qb3 Qc8 5. Nbd2 Nbd7 6. h3 Bxf3 7. Nxf3 g6 8.
Bf4 Bg7 9. e3 O-O 10. Bh2 Re8 11. Be2 a5 12. O-O a4 13. Qc2 e5 14. Rfe1 c5 15.
dxe5 dxe5 16. Nd2 a3 17. bxa3 Rxa3 18. Nb1 Ra6 19. Nc3 Nf8 20. Nb5 Re7 21. Rad1
Ne8 22. Rd2 Rd7 23. Red1 Rxd2 24. Rxd2 Qe6 25. Bf3 Qe7 26. Qe4 Ra4 27. g4 b6
28. Bd1 Nf6 29. Qxe5 Qxe5 30. Bxe5 Rxc4 31. Rd8 Rc1 32. Kg2 N6d7 33. Bxg7 Kxg7
34. Bf3 c4 35. Bc6 Nc5 36. Na3 c3 37. Rd4 Nfe6 38. Rc4 Nd3 39. Be4 Ne5 40. Rb4
Ng5 41. Rb1 Rxb1 42. Bxb1 Nef3 43. h4 Nxh4+ 44. Kg3 Nhf3 45. Nb5 Nd2 46. Nxc3
Nxb1 47. Nxb1 Ne4+ 48. Kf3 f5 49. gxf5 gxf5 50. Kf4 Kf6 51. f3 Nc5 52. Nc3 Nd3+
1/2-1/2

[Event "Sydney International Open"]
[Site "Parramatta, NSW"]
[Date "2010.04.10"]
[Round "7.13"]
[White "Teichmann, Erik OMC"]
[Black "Jule, Alexandra"]
[Result "1/2-1/2"]
[WhiteElo "2325"]
[BlackElo "1938"]
[PlyCount "88"]
[EventDate "2010.04.07"]
[EventType "swiss"]
[EventRounds "9"]
[EventCountry "AUS"]
[SourceDate "2010.04.07"]

1. d4 d5 2. Bg5 c6 3. Nc3 Bf5 4. f3 Nf6 5. e4 dxe4 6. Bxf6 exf6 7. fxe4 Bg6 8.
Nf3 Bd6 9. Bd3 O-O 10. O-O Bh5 11. Qe1 c5 12. Qh4 cxd4 13. Qxh5 dxc3 14. bxc3
g6 15. Qd5 Qe7 16. Nd4 Rd8 17. Qb5 Qe5 18. g3 Bc5 19. Qxb7 Bxd4+ 20. cxd4 Qxd4+
21. Kh1 Nd7 22. Rae1 Nc5 23. Qe7 Rd7 24. Qxf6 Qxf6 25. Rxf6 Nxd3 26. cxd3 Rxd3
27. Re2 a5 28. Kg2 Kg7 29. Rf3 Rad8 30. Kf2 a4 31. Rxd3 Rxd3 32. Rc2 h5 33. Ke2
Ra3 34. Kd2 h4 35. gxh4 Rh3 36. Kc1 Rxh4 37. Re2 Rh3 38. e5 g5 39. Kd1 Kg6 40.
e6 fxe6 41. Rxe6+ Kf5 42. Re2 g4 43. Ke1 Ra3 44. Kf2 Rh3 1/2-1/2

[Event "Sydney International Open"]
[Site "Parramatta, NSW"]
[Date "2010.04.10"]
[Round "7.14"]
[White "Shaw, Robin A"]
[Black "Chowdhury, Sohel"]
[Result "1-0"]
[WhiteElo "1879"]
[BlackElo "2190"]
[PlyCount "67"]
[EventDate "2010.04.07"]
[EventType "swiss"]
[EventRounds "9"]
[EventCountry "AUS"]
[SourceDate "2010.04.07"]

1. e4 c5 2. d4 cxd4 3. c3 dxc3 4. Nxc3 a6 5. Bc4 e6 6. Nf3 Qc7 7. Qe2 Nc6 8. a4
d6 9. Bf4 Nf6 10. O-O Be7 11. Rfd1 e5 12. Be3 O-O 13. h3 h6 14. Rac1 Be6 15.
Nd5 Qd8 16. Nb6 Bxc4 17. Nxc4 Qc7 18. Bb6 Qd7 19. Bc5 Ne8 20. Nb6 Qd8 21. Nxa8
Qxa8 22. Ba3 Qd8 23. b4 Qb6 24. b5 axb5 25. axb5 Nd4 26. Nxd4 exd4 27. Qc4 Bg5
28. Rc2 Bf6 29. Bb2 d5 30. Qxd5 Nd6 31. e5 Nxb5 32. exf6 Rd8 33. Qc5 Qa5 34.
Ra1 1-0

[Event "Sydney International Open"]
[Site "Parramatta, NSW"]
[Date "2010.04.10"]
[Round "7.15"]
[White "Rachmadi, Herman"]
[Black "Samar, Raul"]
[Result "0-1"]
[WhiteElo "1823"]
[BlackElo "2235"]
[PlyCount "60"]
[EventDate "2010.04.07"]
[EventType "swiss"]
[EventRounds "9"]
[EventCountry "AUS"]
[SourceDate "2010.04.07"]

1. d4 Nf6 2. c4 e6 3. Nc3 Bb4 4. Qc2 c5 5. e3 O-O 6. Nf3 b6 7. Be2 Bb7 8. Bd2
d6 9. O-O cxd4 10. exd4 Bxc3 11. Bxc3 Nbd7 12. b4 Qc7 13. Rac1 Rac8 14. Ba1 Ne4
15. Rfd1 f5 16. Qb3 Ndf6 17. c5 Bd5 18. Bc4 bxc5 19. Bxd5 Nxd5 20. dxc5 dxc5
21. Be5 c4 22. Qa4 Qb6 23. Bd4 Qb7 24. a3 a6 25. Ne5 Nf4 26. Kf1 Nxf2 27. Bxf2
Qxg2+ 28. Ke1 Qe4+ 29. Kf1 Qh1+ 30. Bg1 Qg2+ 0-1

[Event "Sydney International Open"]
[Site "Parramatta, NSW"]
[Date "2010.04.10"]
[Round "7.16"]
[White "Broekhuyse, Paul"]
[Black "Ayvazyan, Armen"]
[Result "0-1"]
[WhiteElo "2108"]
[BlackElo "2235"]
[PlyCount "68"]
[EventDate "2010.04.07"]
[EventType "swiss"]
[EventRounds "9"]
[EventCountry "AUS"]
[SourceDate "2010.04.07"]

1. d4 Nf6 2. c4 g6 3. Nc3 Bg7 4. e4 d6 5. Bd3 O-O 6. Nge2 c5 7. d5 e6 8. f3
Nbd7 9. Be3 Ne5 10. Qd2 a6 11. O-O-O exd5 12. cxd5 b5 13. h4 b4 14. Nb1 Qa5 15.
a3 c4 16. Bc2 c3 17. bxc3 bxa3 18. c4 Qxd2+ 19. Nxd2 Rb8 20. Bd4 Nfd7 21. Bb3
Nd3+ 22. Kc2 Bxd4 23. Kxd3 Bf6 24. Rb1 Nc5+ 25. Kc2 a5 26. Nc3 Bd7 27. g3 Rb4
28. Na2 Rb6 29. Nc3 Rfb8 30. Nb5 Bxb5 31. cxb5 Rxb5 32. Ba2 Rb2+ 33. Kd1 Rxb1+
34. Bxb1 Rxb1+ 0-1

[Event "Sydney International Open"]
[Site "Parramatta, NSW"]
[Date "2010.04.10"]
[Round "7.17"]
[White "Stojic, Dusan"]
[Black "Deen Cowell, Nicholas Andrew"]
[Result "1-0"]
[WhiteElo "2192"]
[BlackElo "1896"]
[PlyCount "57"]
[EventDate "2010.04.07"]
[EventType "swiss"]
[EventRounds "9"]
[EventCountry "AUS"]
[SourceDate "2010.04.07"]

1. e4 c5 2. Nf3 d6 3. d4 cxd4 4. Nxd4 Nf6 5. Nc3 a6 6. Bg5 e6 7. f4 Qb6 8. Qd2
Nc6 9. Nb3 Ng4 10. Nd1 h6 11. Bh4 g5 12. fxg5 Be7 13. h3 hxg5 14. Bxg5 Nb4 15.
Bxe7 Kxe7 16. a3 Nc6 17. Qg5+ Nf6 18. Nc3 Rh5 19. Qd2 d5 20. exd5 Nxd5 21.
O-O-O Na5 22. Nxa5 Qxa5 23. Be2 Re5 24. Nxd5+ Rxd5 25. Qf4 Bd7 26. Rxd5 Qxd5
27. Rd1 Qc5 28. Qh4+ Ke8 29. Qh8+ 1-0

[Event "Sydney International Open"]
[Site "Parramatta, NSW"]
[Date "2010.04.10"]
[Round "7.18"]
[White "Dhar Barua, Saheli"]
[Black "Guo, Emma"]
[Result "1-0"]
[WhiteElo "2151"]
[BlackElo "1941"]
[PlyCount "75"]
[EventDate "2010.04.07"]
[EventType "swiss"]
[EventRounds "9"]
[EventCountry "AUS"]
[SourceDate "2010.04.07"]

1. e4 c5 2. Nf3 e6 3. d4 cxd4 4. Nxd4 a6 5. Be2 Nc6 6. Nc3 Qc7 7. Be3 Nf6 8.
O-O Be7 9. f4 d6 10. a4 O-O 11. Bf3 Rb8 12. Kh1 Nd7 13. g4 Nxd4 14. Bxd4 b6 15.
g5 Bb7 16. Bg2 Rfd8 17. Qg4 Bf8 18. Rf3 e5 19. fxe5 Nxe5 20. Bxe5 dxe5 21. Raf1
Rd6 22. Qh4 h6 23. Qf2 hxg5 24. Rxf7 Qd8 25. Qf5 Be7 26. Nd5 Bxd5 27. exd5 b5
28. Be4 Rh6 29. Qxe5 Bf6 30. Qe6 Rb6 31. Rd7+ Rxe6 32. Rxd8+ Bxd8 33. dxe6 Bf6
34. axb5 axb5 35. Ra1 Kf8 36. Ra7 Be5 37. Rf7+ Kg8 38. Bd5 1-0